00513pab a2200157 454500008004000000100001900040245007500059260000900134300001000143362001400153650002800167773003300195909000900228999001500237952010300252180718b1983 xxu||||| |||| 00| 0 eng d aWolf, James F. aCareer plateauing in the public servicebBaby boom and employment bust c1983 a160-5 aMar.-Apr. aCareer Service - U.S.A. aPublic Administration Review a5164 c5164d5164 00104070aIIPAbIIPAd2018-07-19hVolume no: 43, Issue no: 2pAR5170r2018-07-19w2018-07-19yAR